| 000 | 00964nam a2200313Ia 4500 | ||
|---|---|---|---|
| 001 | 92412 | ||
| 005 | 20230411090050.0 | ||
| 008 | 100216s2009 ck a b 000 0 spa d | ||
| 035 | _a(OCoLC)ocn516352803 | ||
| 040 |
_aIXA _cTEF |
||
| 020 | _a9789587099270 | ||
| 020 | _a9587099273 | ||
| 035 | _a(OCoLC)516352803 | ||
| 043 | _as-ck--- | ||
| 049 | _aGRAL | ||
| 100 | 1 | _aHenao Ospina, Evelio. | |
| 245 | 1 | 3 |
_aEl fin de las AUC : _b¿Verdad o ficcion? / _cEvelio Henao Ospina. |
| 246 | 3 | _aEl fin de las Autodefensas Unidas de Colombia | |
| 260 |
_aBogota : _bIntermedio, _cc2009. |
||
| 300 |
_a378 p. : _bill. ; _c22 cm. |
||
| 504 | _aIncludes bibliographical references. | ||
| 610 | 2 | 0 | _aAutodefensas Unidas de Colombia. |
| 650 | 0 |
_aParamilitary forces _zColombia. |
|
| 650 | 0 |
_aPeace-building _zColombia. |
|
| 650 | 0 |
_aVictims of crimes _zColombia. |
|
| 651 | 0 |
_aColombia _xPolitics and government _y1974- |
|
| 942 |
_2lcc _cbk |
||
| 994 |
_aC0 _bDRFGD |
||
| 999 |
_c111860 _d111860 |
||